Serbian Cities by their Hungarian Names - Statistics

General Stats
  • This quiz has been taken 54 times
  • The average score is 9 of 15
Answer Stats
Hungarian city name Serbian city name % Correct
Újvidék Novi Sad
96%
Szabadka Subotica
91%
Nándorfehérvár Beograd
85%
Pancsova Pančevo
83%
Zombor Sombor
83%
Versec Vršac
68%
Szabács Šabac
66%
Ingyia Inđija
64%
Topolya Bačka Topola
62%
Nagybecskerek Zrenjanin
57%
Óbecse Bečej
34%
Szávaszentdemeter Sremska Mitrovica
34%
Szendrő Smederevo
32%
Árpatarló Ruma
19%
Kevevára Kovin
11%
No matching quizzes found
Score Distribution
Percent of People with Each Score
Percentile by Number Answered
Your Score History
You have not taken this quiz